[Event "Wch U18 Girls"]
[Site "Kemer"]
[Date "2007.11.20"]
[Round "3"]
[White "Ignacz, Maria"]
[Black "Kruljac, Petra"]
[Result "1-0"]
[WhiteElo "2223"]
[BlackElo "2057"]
[PlyCount "91"]
[EventDate "2007.11.18"]
[EventType "swiss"]
[EventRounds "11"]
[EventCountry "TUR"]
[SourceTitle "CBM 121 Extra"]
[Source "ChessBase"]
[SourceDate "2008.01.10"]
[SourceVersion "1"]
[SourceVersionDate "2008.01.10"]
[SourceQuality "1"]

1. d4 d5 2. c4 Nc6 3. Nf3 Bg4 4. Nc3 Nf6 5. Ne5 Nxe5 6. dxe5 d4 7. Na4 Ng8 8. h3 Bd7 9. Nc5 b6 10. Nxd7 Qxd7 11. e3 c5 12. exd4 cxd4 13. Bd3 e6 14. 0-0 Ne7 15. b4 Nc6 16. b5 Nxe5 17. Be4 Rc8 18. Bf4 Bd6 19. Bxe5 Bxe5 20. Bc6 Rxc6 21. bxc6 Qxc6 22. Qd3 0-0 23. a4 Bf6 24. a5 e5 25. Rfe1 Re8 26. axb6 axb6 27. Qe4 Qxe4 28. Rxe4 Rc8 29. Kf1 Kf8 30. Ra4 g5 31. Re1 Rc5 32. Rb1 Bd8 33. Rb5 Ke7 34. Rxc5 bxc5 35. Ra6 Bc7 36. g4 Bd6 37. f3 Ke6 38. Ke2 Ke7 39. Kd3 Ke6 40. Ke4 f6 41. Rb6 Kd7 42. Ra6 Ke6 43. Ra8 Kf7 44. Kf5 Be7 45. Ra7 Ke8 46. Ke6 1-0

[Event "Wch U18 Girls"]
[Site "Kemer"]
[Date "2007.11.18"]
[Round "1"]
[White "Ignacz, Maria"]
[Black "Carlsen, Ellen Oen"]
[Result "1-0"]
[WhiteElo "2223"]
[BlackElo "1876"]
[PlyCount "65"]
[EventDate "2007.11.18"]
[EventType "swiss"]
[EventRounds "11"]
[EventCountry "TUR"]
[SourceTitle "CBM 121 Extra"]
[Source "ChessBase"]
[SourceDate "2008.01.10"]
[SourceVersion "1"]
[SourceVersionDate "2008.01.10"]
[SourceQuality "1"]

1. d4 Nf6 2. c4 g6 3. Nf3 Bg7 4. g3 0-0 5. Bg2 c6 6. Nc3 d5 7. Qb3 dxc4 8. Qxc4 Nbd7 9. 0-0 Nb6 10. Qd3 Re8 11. Rd1 Nbd5 12. e4 Nxc3 13. bxc3 c5 14. h3 a6 15. Ne5 cxd4 16. cxd4 Nd7 17. Nf3 b6 18. e5 Bb7 19. Ng5 Bxg2 20. Kxg2 e6 21. Qf3 f6 22. Ne4 fxe5 23. Bg5 Qb8 24. d5 Rf8 25. Qg4 Nc5 26. Nxc5 bxc5 27. Qxe6+ Kh8 28. Rab1 Qe8 29. Be7 Rf7 30. Rb7 h6 31. d6 Kh7 32. Rdb1 Bf8 33. Qxf7+ 1-0

[Event "Budapest FS10 IM"]
[Site "Budapest"]
[Date "2007.10.16"]
[Round "11"]
[White "Ignacz, Maria"]
[Black "Cooke, Eric"]
[Result "1-0"]
[WhiteElo "2223"]
[BlackElo "2253"]
[PlyCount "101"]
[EventDate "2007.10.06"]
[EventType "tourn"]
[EventRounds "13"]
[EventCountry "HUN"]
[EventCategory "1"]
[SourceTitle "CBM 120 Extra"]
[Source "ChessBase"]
[SourceDate "2007.11.01"]
[SourceVersion "1"]
[SourceVersionDate "2007.11.01"]
[SourceQuality "1"]

1. d4 Nf6 2. c4 e6 3. Nf3 c5 4. d5 exd5 5. cxd5 d6 6. Nc3 g6 7. g3 Bg7 8. Bg2 0-0 9. 0-0 a6 10. a4 Re8 11. h3 Nbd7 12. Nd2 Rb8 13. Nc4 Ne5 14. Nxe5 Rxe5 15. a5 b5 16. axb6 Rxb6 17. e4 Rb4 18. Re1 a5 19. Bf4 Re8 20. Qc1 Qb6 21. e5 dxe5 22. Bxe5 Bd7 23. d6 Rxe5 24. Rxe5 Qxd6 25. Re2 Qb6 26. Qe1 Rd4 27. Rd1 Be6 28. Ra1 h5 29. Rd2 Kh7 30. Ne2 Rb4 31. Nf4 Bf5 32. Rad1 h4 33. Qe7 hxg3 34. fxg3 c4+ 35. Kh2 Rxb2 36. Rd6 Qc5 37. Qxf7 Qe5 38. Qxc4 Be4 39. R6d2 Rb4 40. Qe6 Qc3 41. Bxe4 Rxe4 42. Qf7 Rxf4 43. gxf4 Qf3 44. Rg1 Qxf4+ 45. Kh1 Qe4+ 46. Rdg2 g5 47. Qa2 Qf3 48. Qf2 Qd5 49. Rf1 Kh8 50. Qf5 Qc6 51. Qxg5 1-0

[Event "HUN-chT 0708"]
[Site "Hungary"]
[Date "2007.10.14"]
[Round "1"]
[White "Tamas, Milan"]
[Black "Ignacz, Maria"]
[Result "1/2-1/2"]
[WhiteElo "2141"]
[BlackElo "2223"]
[PlyCount "32"]
[EventDate "2007.10.14"]
[EventType "team"]
[EventRounds "11"]
[EventCountry "HUN"]
[SourceTitle "EXT 2009"]
[Source "ChessBase"]
[SourceDate "2008.11.26"]
[SourceVersion "1"]
[SourceVersionDate "2008.11.26"]
[SourceQuality "1"]
[WhiteTeam "Haladas"]
[BlackTeam "Nagykanizsa"]
[WhiteTeamCountry "HUN"]
[BlackTeamCountry "HUN"]

1. e4 c5 2. Nf3 d6 3. d4 cxd4 4. Nxd4 Nf6 5. Nc3 Nc6 6. Bg5 e6 7. Bb5 Bd7 8. Bxc6 bxc6 9. Qf3 e5 10. Nf5 Bxf5 11. Qxf5 Be7 12. 0-0 0-0 13. Rad1 Ne8 14. Bxe7 Qxe7 15. f4 Rb8 16. b3 Nf6 1/2-1/2

[Event "Budapest FS10 IM"]
[Site "Budapest"]
[Date "2007.10.13"]
[Round "8"]
[White "Vegh, Endre"]
[Black "Ignacz, Maria"]
[Result "1/2-1/2"]
[WhiteElo "2303"]
[BlackElo "2223"]
[PlyCount "35"]
[EventDate "2007.10.06"]
[EventType "tourn"]
[EventRounds "13"]
[EventCountry "HUN"]
[EventCategory "1"]
[SourceTitle "CBM 120 Extra"]
[Source "ChessBase"]
[SourceDate "2007.11.01"]
[SourceVersion "1"]
[SourceVersionDate "2007.11.01"]
[SourceQuality "1"]

1. e4 c5 2. a3 a6 3. b4 d6 4. Bb2 Nd7 5. g3 b6 6. Bg2 Bb7 7. Nh3 Ngf6 8. d3 Qc7 9. 0-0 d5 10. Qe2 dxe4 11. dxe4 cxb4 12. e5 Bxg2 13. Kxg2 Qc6+ 14. f3 Nd5 15. axb4 Nxb4 16. c3 Nd5 17. c4 Nc7 18. Nd2 1/2-1/2

[Event "Budapest FS10 IM"]
[Site "Budapest"]
[Date "2007.10.11"]
[Round "6"]
[White "Pitl, Gregory"]
[Black "Ignacz, Maria"]
[Result "1/2-1/2"]
[WhiteElo "2403"]
[BlackElo "2223"]
[PlyCount "41"]
[EventDate "2007.10.06"]
[EventType "tourn"]
[EventRounds "13"]
[EventCountry "HUN"]
[EventCategory "1"]
[SourceTitle "CBM 120 Extra"]
[Source "ChessBase"]
[SourceDate "2007.11.01"]
[SourceVersion "1"]
[SourceVersionDate "2007.11.01"]
[SourceQuality "1"]

1. e4 c5 2. Nf3 d6 3. d4 cxd4 4. Nxd4 Nf6 5. Nc3 Nc6 6. Bg5 e6 7. Qd2 a6 8. 0-0-0 Bd7 9. f3 h6 10. Be3 b5 11. g4 Qc7 12. Kb1 Rc8 13. Bd3 Ne5 14. h4 Nc4 15. Bxc4 Qxc4 16. g5 Nh5 17. Nce2 g6 18. gxh6 e5 19. Nb3 Be6 20. Nbc1 b4 21. b3 1/2-1/2